| 000 | 00508nam a2200193Ia 4500 | ||
|---|---|---|---|
| 005 | 20260429112157.0 | ||
| 008 | 260429s9999||||xx |||||||||||||| ||und|| | ||
| 020 | _a9781639878970 | ||
| 041 | _aEnglish | ||
| 082 |
_a572.862 _bCOO |
||
| 100 | _aCook, Benjamin | ||
| 245 | 0 |
_aRegulation of genome editing in plants / _cBenjamin Cook |
|
| 250 | _a1st ed. | ||
| 260 |
_aNew York : _bMurphy and Moore, _c2025. |
||
| 300 | _avii, 234 p.; hb | ||
| 650 | _a Plants | ||
| 650 | _aGenome editing | ||
| 942 | _cTB | ||
| 999 |
_c52741 _d52741 |
||